| 000 | 00793nam a2200253Ia 4500 | ||
|---|---|---|---|
| 003 | OSt | ||
| 005 | 20220923211124.0 | ||
| 006 | a|||||r|||| 00| 0 | ||
| 007 | ta | ||
| 008 | 220922b |||||||| |||| 00| 0 hin d | ||
| 020 |
_a8181436873 (hbk) _c95 |
||
| 024 | _a235,654 | ||
| 037 |
_b485, 21/03/2008, Vani Prakashan _cTextual |
||
| 040 |
_aARTS _cARTS _bhin |
||
| 041 |
_2hin _ahin |
||
| 082 | _aO152,1NR1x, P7 | ||
| 100 |
_aऋतुराज _9158465 |
||
| 245 | 0 | _aआशा नाम नदी | |
| 246 | _aĀshā nām nadī | ||
| 260 |
_aनयी दिल्ली _b वाणी प्रकाशन _c2007 |
||
| 300 |
_a80पृ. _ccm. |
||
| 942 |
_hO152,1NR1x, P7 _cTEXL _2CC |
||
| 999 |
_c295579 _d295579 |
||